000 00473nam a2200145 i 4500
001 bg
245 0 _aGornaja enciklopedija :
_bv pjati tomach.
_nT. 1,
_pAa-lava-Geosistema /
_cgl. red. E. A. Kozlovskij.
260 _aMoskva :
_b"Sovetskaja Enciklopedija",
_c1984.
300 _a560 s., [26] s. tabl. :
_bil., fot., w tym kolor., mapy, rys. ;
_c27 cm.
040 _cBPK
041 _apol
080 _a622:553](03)
942 _cKS
008 s pl f |000 0 pol
999 _c23448
_d23448
856 _uhttp://koha.tu.koszalin.pl/cgi-bin/koha/opac-detail.pl?biblionumber=23448
_yKatalog online BPK